000 00779nam a22002057a 4500
005 20110901123647.0
010 _aG-001304
020 _a9789380018164
_c110.00
035 _aG-001304
037 _bGift
082 _a155.4182
100 _aAgarwal, Radharaman
_935361
245 _aSuccess plus /
_cby Radharaman Agarwal
260 _aJaipur
_bShyam Prakashan
_c2009
270 _aGeetanjali Appartment, 1926, Nataniyon Ka Rasta,
_bJaipur
_e302003
300 _a224p.
_c21cm, (pbk)
942 _2ddc
_cEN
_mAGA
_h155.4182
999 _c56152
_d56152